Coatlicue Sanjuanita : la peregrinación a San Juan de los Lagos : un rito religioso de retorno a Aztlán /
Zapisane w:
| 1. autor: | |
|---|---|
| Format: | Książka |
| Język: | hiszpański |
| Wydane: |
Guadalajara, México : Querétaro, México :
Universidad de Guadalajara ; Universidad Autónoma de Querétaro,
2008, c2008
|
| Hasła przedmiotowe: | |
| Etykiety: |
Nie ma etykietki, Dołącz pierwszą etykiete!
|
MARC
| LEADER | 00000nam^a2200000^a^4500 | ||
|---|---|---|---|
| 001 | 000288851 | ||
| 005 | 20250521000000.0 | ||
| 009 | 20260310111921.889 | ||
| 020 | |a 978-607-450-007-3 | ||
| 037 | |a Acervo ITESO - Biblioteca | ||
| 041 | |a ESP | ||
| 082 | |a 972. 35 |b JAL REL V. 1 | ||
| 100 | |a Bohórquez Molina, José Gerardo |e (autor) | ||
| 245 | 1 | 0 | |a Coatlicue Sanjuanita : |b la peregrinación a San Juan de los Lagos : un rito religioso de retorno a Aztlán / |c J.G. Bohórquez Molina. |
| 264 | 4 | |a Guadalajara, México : |b Universidad de Guadalajara ; |a Querétaro, México : |b Universidad Autónoma de Querétaro, |c 2008, c2008 | |
| 300 | |a 173 p. | ||
| 336 | |a texto |b txt |2 rdacontenido | ||
| 337 | |a sin mediación |b n |2 rdamedio | ||
| 338 | |a volumen |b nc |2 rdasoporte | ||
| 649 | |a XX | ||
| 650 | |a Virgen de San Juan de los Lagos - |x Culto - |x Tema Principal | ||
| 650 | |a Iglesia Católica en San Juan de los Lagos, Jalisco | ||
| 650 | |a Iglesia Católica en Jalisco | ||
| 650 | |a Iglesia Católica en México | ||
| 650 | |a Culto Religioso - |z San Juan de los Lagos, Jalisco | ||
| 650 | |a Culto Religioso - |z Jalisco | ||
| 650 | |a Culto Religioso - |z México | ||
| 650 | |a Peregrinaciones - |z San Juan de los Lagos, Jalisco - |x Tema Principal | ||
| 650 | |a Peregrinaciones - |z Jalisco | ||
| 650 | |a Peregrinaciones - |z México | ||
| 650 | |a Fiestas Religiosas - |z San Juan de los Lagos, Jalisco | ||
| 650 | |a Fiestas Religiosas - |z Jalisco | ||
| 650 | |a Fiestas Religiosas - |z México | ||
| 650 | |a Prácticas Culturales - |z San Juan de los Lagos, Jalisco | ||
| 650 | |a Prácticas Culturales - |z Jalisco | ||
| 650 | |a Prácticas Culturales - |z México | ||
| 650 | |a Catolicismo - |z San Juan de los Lagos, Jalisco | ||
| 650 | |a Catolicismo - |z Jalisco | ||
| 650 | |a Catolicismo - |z México | ||
| 650 | |a Cristianismo - |z San Juan de los Lagos, Jalisco | ||
| 650 | |a Cristianismo - |z Jalisco | ||
| 650 | |a Cristianismo - |z México | ||
| 650 | |a Antropología Cultural | ||
| 650 | |a Sociología de la Cultura | ||
| 650 | |a Sociología de la Religión | ||
| 650 | |a San Juan de los Lagos, Jalisco - |x Historia | ||
| 650 | |a Jalisco - |x Historia | ||
| 650 | |a México - |x Historia | ||
| 910 | |a Fondo General | ||
| 920 | |a Impresos - Libros | ||
| 930 | |a Colección General | ||
| 905 | |a 101 | ||
| 901 | |a 0500175701 |b IT1 |c ACC |u 20250521 | ||
| 902 | |a https://opac.biblio.iteso.mx/vufind/Record/000288851 | ||